Sex before sexuality : a premodern histroy

Αποθηκεύτηκε σε:
Λεπτομέρειες βιβλιογραφικής εγγραφής
Κύριος συγγραφέας: Phillips, Kim
Άλλοι συγγραφείς: Reay, Barry
Μορφή: Βιβλίο
Γλώσσα:English
Δημοσίευση: Canbrdge : polity, 2011
Θέματα:
Ετικέτες: Προσθήκη ετικέτας
Δεν υπάρχουν, Καταχωρήστε ετικέτα πρώτοι!

MARC

LEADER 00000nam a2200000 i 4500
001 1/26354
008 130222s2011 eng d
020 |a 978-0-7456-2522-5 
035 |l 10113817 
040 |a GR-MY-UA  |b gre  |e aacr 
041 0 |a eng 
082 0 |a 306.7  |2 (22) 
100 1 |a Phillips, Kim. 
245 1 0 |a Sex before sexuality :  |b a premodern histroy /  |c Kim M. Phillips and Barry Reay 
260 |a Canbrdge :   |b polity,   |c 2011 
300 |a 200 σ.;  |c 24 εκ. 
504 |a Περιλαμβάνει βιβλιογραφία και ευρετήριο 
650 0 0 |a Sex  |x History. 
650 0 0 |a Sex customs  |x History. 
650 0 0 |a Sex and history. 
700 1 |a Reay, Barry. 
852 |a INST  |b LESVOS  |e 20130222  |h 306.7 PHI  |p 005100051783  |q 005100051783  |t BK  |y 4  |x 20191105 
901 |a BIBL1-2013-1 
909 |a Λ  |b 177641 
922 |a 1ΕΛΗ  |b 2012-10  |c ΤΜΗΜΑ ΚΟΙΝΩΝΙΚΗΣ ΑΝΘΡΩΠΟΛΟΓΙΑΣ ΚΑΙ ΙΣΤΟΡΙΑΣ  |d ΙΩΑΝΝΙΔΟΥ 
970 |a ΤΖΑΦΕΡΗ  |b ΕΥΑΓΓΕΛΙΑ  |z 2013/02/22